LEADER 01199nam a2200265 4500 001 000000348753 003 CaOOAMICUS 005 20211209094229.0 008 211201s1990 it 000 u ita r 020 $a88-7048-193-X 040 $aSeMil$bita 100 1 $aConsoli, Maria Elvira.$0(OLS)http://semarc/name/115134 245 10$aKoiné europea e paideia classica :$bl'educazione umanistica nella comunità /$cMaria Elvira Consoli. 264 1$aLecce :$bMilella,$cstampa 1990. 300 $a104 p. ;$c24 cm 650 4$aLingua latina - Insegnamento.$0(OLS)http://semarc/subject/6213 650 4$aLinguistica - Storia.$0(OLS)http://semarc/subject/6195 650 4$aDidattica - Utilizzo dei classici.$0(OLS)http://semarc/subject/51385 850 $aSeMil 852 $aSeMil$W1$xVenegono$y1$m1Q III 57$j230924$B239854$CSeMilBibl$Z2$F239854 $81 961 $aCambio "La Scuola Cattolica" 996 $6020$a88-7048-193-X$9(OLS)http://semarc/number/294775 996 $6245$aKoiné europea e paideia classica :$bl'educazione umanistica nella comunità$9(OLS)http://semarc/title/438215 996 $6264$aLecce :$bMilella$9(OLS)http://semarc/publisher/30412 LEADER 01272nam a2200253 i 4500 001 000000193366 003 CaOOAMICUS 005 20170317000000.0 008 170317s2002 it u000 u fre u 013 $a172006 020 $a2-7177-2230-0 040 $aSeMil$bita 100 1 $aBoutier, Jean.$0(OLS)http://semarc/name/93759 245 14$aLes Plans de Paris des origines (1493) à la fin du 18. siècle :$bétude, carto-bibliographie et catalogue collectif /$cJean Boutier ; avec la collaboration de Jean-Yves Sarazin et Marine Sibille. 260 $a[s.l.] :$bBibliothèque nationale de France,$c2002. 300 $a430 p. :$bill. ;$c29 cm. 650 4$aParigi.$0(OLS)http://semarc/subject/8045 700 1 $aSibille, Marine.$0(OLS)http://semarc/name/93761 700 1 $aSarazin, Jean-Yves.$0(OLS)http://semarc/name/93760 850 $aSeMil 852 $aSeMil$W1$xVenegono$y1$m4Y VII 162$j143940$B143940$CSeMilBibl$Z2$F217041 $81 996 $6020$a2-7177-2230-0$9(OLS)http://semarc/number/274317 996 $6245$aLes Plans de Paris des origines (1493) à la fin du 18. siècle :$bétude, carto-bibliographie et catalogue collectif$9(OLS)http://semarc/title/409247 996 $6260$a[s.l.] :$bBibliothèque nationale de France$9(OLS)http://semarc/publisher/57372 LEADER 00983nam a2200253 i 4500 001 000000122565 003 CaOOAMICUS 005 20040205000000.0 008 040205s1967 it u000 u ita u 013 $a95260 040 $aSeMil$bita 100 1 $aBosco, Umberto,$d<1900-1987>.$0(OLS)http://semarc/name/2339 245 10$aDante :$bil Purgatorio /$cUmberto Bosco. 250 $a2. ed. riveduta. 260 $aTorino :$bERI,$c1967 (copyr. 1958) 300 $a195 p. ;$c18 cm. 490 0 $aERI classe unica ;$v54 650 4$aAlighieri, Dante <1265-1321> . Divina Commedia.$0(OLS)http://semarc/subject/338 830 0$aERI classe unica ;$v54.$0(OLS)http://semarc/title/8387 850 $aSeMil 852 $aSeMil$W1$xVenegono$y1$m474 1 54 *$j77523$B77523$CSeMilBibl$Z2$F79500 $81 961 $aRecupero: Biblioteca Seminario Liceale 996 $6245$aDante :$bil Purgatorio$9(OLS)http://semarc/title/180523 996 $6260$aTorino :$bERI$9(OLS)http://semarc/publisher/31745